000 00811nam a2200241 i 4500
001 124727
003 ES-MaACL
005 20230906192501.0
007 t|
008 070418s1924 sp ||||1| spa d
080 _a869-221"19"
100 1 _aDantas, Julio.
_942656
245 1 3 _aLa cena de los cardenales
_b: comedia en un acto /
_coriginal de Julio Dantas ; traducción de Francisco Villaespesa.
260 _a[Madrid :
_bLa Novela Teatral,
_c1924]
300 _a6 h. ;
_c20 cm.
490 1 _aLa novela teatral ;
_v382
500 _aEn la cub. caricatura de Juan Casanave por Tovar.
700 1 _aVillaespesa, Francisco.
_9114917
700 0 _aTovar
_c, ilustrador.
_9157378
830 0 _aLa novela teatral ;
_v382
_9122427
852 _aES-MaACL
_j2216-F-36
_bR.138810
999 _c124727
_d124727